Principle and Practice of Management (Record no. 4555)

MARC details
000 -LEADER
fixed length control field 00341nam a2200145Ia 4500
008 - FIXED-LENGTH DATA ELEMENTS--GENERAL INFORMATION
fixed length control field 191201s2013 xx 000 0 und d
082 ## - DEWEY DECIMAL CLASSIFICATION NUMBER
Classification number 658
Item number PRP
100 ## - MAIN ENTRY--PERSONAL NAME
Personal name PRASAD, L.M
245 #0 - TITLE STATEMENT
Title Principle and Practice of Management
250 ## - EDITION STATEMENT
Edition statement Rep
260 ## - PUBLICATION, DISTRIBUTION, ETC. (IMPRINT)
Place of publication, distribution, etc N. Delhi
Name of publisher, distributor, etc Sultan Chand
Date of publication, distribution, etc 2013
300 ## - PHYSICAL DESCRIPTION
Extent 776
650 ## - SUBJECT ADDED ENTRY--TOPICAL TERM
Topical term or geographic name as entry element BBA
942 ## - ADDED ENTRY ELEMENTS (KOHA)
Source of classification or shelving scheme Dewey Decimal Classification
Koha item type Text Books
Holdings
Withdrawn status Lost status Source of classification or shelving scheme Damaged status Not for loan Collection code Home library Current library Date acquired Source of acquisition Cost, normal purchase price Bill Number Total Checkouts Full call number Acc. no. / Barcode Date last seen Bill Date Koha item type Date last borrowed
    Dewey Decimal Classification     BBA PIET C-LIBRARY PIET C-LIBRARY 15/07/2010 The book company 325.00 IN-1486   658 PRP 15627 04/12/2019 07/06/2010 Text Books  
    Dewey Decimal Classification     BBA PIET C-LIBRARY PIET C-LIBRARY 15/07/2010 The book company 325.00 IN-1486   658 PRP 15628 04/12/2019 07/06/2010 Text Books  
    Dewey Decimal Classification     BBA PIET C-LIBRARY PIET C-LIBRARY 15/07/2010 The book company 325.00 IN-1486 4 658 PRP 15629 25/01/2024 07/06/2010 Text Books 19/01/2024
    Dewey Decimal Classification     BBA PIET C-LIBRARY PIET C-LIBRARY 15/07/2010 The book company 325.00 IN-1486 2 658 PRP 15630 16/09/2025 07/06/2010 Text Books 15/09/2025
    Dewey Decimal Classification     BBA PIET C-LIBRARY PIET C-LIBRARY 15/07/2010 The book company 325.00 IN-1486 2 658 PRP 15631 01/10/2024 07/06/2010 Text Books 17/09/2024
    Dewey Decimal Classification     BBA PIET C-LIBRARY PIET C-LIBRARY 15/07/2010 The book company 325.00 IN-1486   658 PRP 15632 04/12/2019 07/06/2010 Text Books  

Design & Developed by: PIET Central Library
R70 Miles Stone Pattikalyana Samalkha Panipat 132102
mail ID :- [email protected], Phone No:- 0180-2569700 Ex.216